Wettbewerb und Recht
Uložené v:
| Hlavný autor: | |
|---|---|
| Médium: | Kniha |
| Jazyk: | German |
| Vydavateľské údaje: |
Wiesbaden
Gabler
1991
|
| Vydanie: | 1. Aufl. |
| Predmet: | |
| Tagy: |
Žiadne tagy, Buďte prvý, kto otaguje tento záznam!
|
MARC
| LEADER | 00000nam a2200000 4500 | ||
|---|---|---|---|
| 001 | c000208 | ||
| 005 | 20221214102302.0 | ||
| 020 | |a 3-409-13966-4 | ||
| 041 | 0 | |a ger | |
| 044 | |a DE | ||
| 245 | 1 | 0 | |a Wettbewerb und Recht |c Otto D. Dobbeck |
| 250 | |a 1. Aufl. | ||
| 264 | 1 | |a Wiesbaden |b Gabler |c 1991 | |
| 300 | |a 107 s. | ||
| 610 | 2 | 0 | |a právo hospodárske |
| 610 | 2 | 0 | |a súťaž nekalá |
| 610 | 2 | 0 | |a zákonodarstvo |
| 610 | 2 | 0 | |a patenty |
| 610 | 2 | 0 | |a ochrana výroby |
| 610 | 2 | 0 | |a známky ochranné |
| 610 | 2 | 0 | |a právo trestné |
| 610 | 2 | 0 | |a súdnictvo |
| 610 | 2 | 0 | |a právo medzinárodné |
| 610 | 2 | 0 | |a právo priemyselné |
| 100 | 1 | |a Dobbeck, Otto D. | |